Ανάπτυξη των στοχαστικών εννοιών με τη βοήθεια Τ.Π.Ε. : διπλωματική εργασία [πτυχιακή εργασία]
Αποθηκεύτηκε σε:
| Κύριος συγγραφέας: | |
|---|---|
| Συγγραφή απο Οργανισμό/Αρχή: | |
| Άλλοι συγγραφείς: | |
| Μορφή: | Thesis Βιβλίο |
| Γλώσσα: | Greek |
| Δημοσίευση: |
2009
|
| Θέματα: | |
| Διαθέσιμο Online: | http://hdl.handle.net/11610/7511 |
| Ετικέτες: |
Προσθήκη ετικέτας
Δεν υπάρχουν, Καταχωρήστε ετικέτα πρώτοι!
|
MARC
| LEADER | 00000cam a2200000 i 4500 | ||
|---|---|---|---|
| 001 | 1/17372 | ||
| 008 | 120120s2009 gre d | ||
| 035 | |l 10111689 | ||
| 040 | |a GR-MY-UA |b gre |e aacr | ||
| 041 | 0 | |a gre | |
| 082 | 0 | |a 371.33 |2 (22) | |
| 100 | 1 | |a Μαλισιόβα, Ελευθερία. | |
| 245 | 1 | 0 | |a Ανάπτυξη των στοχαστικών εννοιών με τη βοήθεια Τ.Π.Ε. : |b διπλωματική εργασία [πτυχιακή εργασία] / |c Μαλισιόβα Ελευθερία ; επιβλέπων: Φεσάκης Γεώργιος |
| 260 | |c 2009 | ||
| 300 | |a 83 σ.; |b πιν.; |c 30 εκ. | ||
| 500 | |a Μέλη εξεταστικής επιτροπής: Δημητρακοπούλου Αγγελική, Καφούση Σουλτάνα | ||
| 502 | |a Πτυχιακή εργασία – Πανεπιστήμιο Αιγαίου, Ρόδος, 2009. | ||
| 504 | |a Βιβλιογραφία: σ. 81-83 | ||
| 650 | 0 | 0 | |a Educational technology. |
| 650 | 0 | 0 | |a Education |x Data processing |x Study and teaching. |
| 650 | 0 | 0 | |a Mathematics |x Study and teaching. |
| 650 | 0 | 0 | |a Dissertations, Academic |z Greece. |
| 700 | 1 | |a Φεσάκης, Γεώργιος. |4 ths | |
| 710 | 2 | |a Πανεπιστήμιο Αιγαίου |b Σχολή Ανθρωπιστικών Επιστημών |b Τμήμα Επιστημών της Προσχολικής Αγωγής και του Εκπαιδευτικού Σχεδιασμού. | |
| 852 | |a INST |b RHODES |c DIATR |e 20120120 |h 371.33 ΜΑΛ |p 005400032389 |q 005400032389 |t DIE |y 23 | ||
| 852 | |a INST |b RHODES |c DIATR |e 20120120 |h 371.33 ΜΑΛ |p 005400032390 |q 005400032390 |t DIE |y 23 | ||
| 856 | |u http://hdl.handle.net/11610/7511 | ||
| 901 | |a BIBL4-2012-1 | ||
| 909 | |a Ρ |b 159616 | ||
| 909 | |a Ρ |b 159617 | ||
| 924 | |a ΜΑΛΙΣΙΟΒΑ |b ΕΛΕΥΘΕΡΙΑ |y ΡΟΔΟΣ |z 2009-07 | ||
| 970 | |z 2012/01/20 | ||